Probability, random variables and stochastic processes (Record no. 21355)

MARC details
000 -LEADER
fixed length control field 00518nam a2200181Ia 4500
008 - FIXED-LENGTH DATA ELEMENTS--GENERAL INFORMATION
fixed length control field 230917s9999||||xx |||||||||||||| ||und||
020 ## - ISBN
Price RS699
040 ## - CATALOGING SOURCE
-- 237857
Original cataloging agency VIVEKANANDA LIBRARY
041 ## - Language
-- English
082 ## - DDC NUMBER
Classification number 519.2 P198P(4)
100 ## - MAIN ENTRY--PERSONAL NAME
Personal name Papoulis, Athanasios
245 #0 - TITLE STATEMENT
Title Probability, random variables and stochastic processes
250 ## - EDITION STATEMENT
Edition statement 4th ed.
260 ## - PUBLICATION, DISTRIBUTION, ETC. (IMPRINT)
Place of publication, distribution, etc Chennai
Name of publisher, distributor, etc McGraw Hill Education (India)
Date of publication, distribution, etc 2016
300 ## - PHYSICAL DESCRIPTION
Pages x, 852 p.
500 ## - GENERAL NOTE
General note 2605 09/02/2017 HBD17/6865 08/03/2017 Main Budget
942 ## - ADDED ENTRY ELEMENTS (KOHA)
Koha item type Books
Holdings
Withdrawn status Lost status Damaged status Not for loan Location (home branch) Sublocation or collection (holding branch) Date acquired Koha issues (times borrowed) Koha full call number Accession No. Koha date last seen Koha item type
        VIVEKANANDA LIBRARY VIVEKANANDA LIBRARY 27/03/2017   519.2 P198P(4) 361342 17/09/2023 Books
        VIVEKANANDA LIBRARY VIVEKANANDA LIBRARY 27/03/2017   519.2 P198P(4) 361343 17/09/2023 Books
        VIVEKANANDA LIBRARY VIVEKANANDA LIBRARY 27/03/2017 1 519.2 P198P(4) 361344 06/12/2024 Books
© Designed and Maintained by Vivekananda Library, MDU Rohtak